000 00309nam a22001337a 4500
008 170816b xxu||||| |||| 00| 0 eng d
020 _a9780382401190
041 _aeng
080 _a51
100 _a36
101 _aMAT
245 _aMATHEMATICS THE PATH TO MATH SUCCESS
_cGINN.S.B
942 _2udc
_cBK
999 _c23701
_d23701